LEADER 01057nam1-2200349li-450 001 990000133290203316 005 20180312154649.0 010 $a0-262-19255-1 035 $a0013329 035 $aUSA010013329 035 $a(ALEPH)000013329USA01 035 $a0013329 100 $a20019960219871988988y0itay0103----ba 101 0 $aeng 102 $aUS 200 1 $aConcurrent Prolog$ecollected papers$fedited by Ehud Shapiro 210 $aCambridge (Mass.)$cMIT Press$dcopyr. 1987 (stampa 1988) 610 1 $alinguaggio prolog 610 1 $aprogrammazione parallela 676 $a005.133$9. 702 1$aShapiro,$bEhud 801 $aSistema bibliotecario di Ateneo dell' Università di Salerno$gRICA 912 $a990000133290203316 951 $a005.133 CON (1)$b4832 Ing.$c005.133 959 $aBK 979 $c19960221 979 $c20001110$lUSA01$h1711 979 $c20020403$lUSA01$h1621 979 $aSIAV3$b10$c20031003$lUSA01$h1231 979 $aPATRY$b90$c20040406$lUSA01$h1610 996 $aConcurrent Prolog$91488421 997 $aUNISA LEADER 01055nam0-2200349---450 001 990009297190403321 005 20240415151045.0 010 $a978-88-568-0112-5 035 $a000929719 035 $aFED01000929719 035 $a(Aleph)000929719FED01 035 $a000929719 100 $a20101214d2008----km-y0itay50------ba 101 0 $aita 102 $aIT 105 $ay-------001yy 200 1 $a<>editoria napoletana dell'Ottocento$eproduzione, circolazione, consumo$fVincenzo Trombetta 210 $aMilano$cFrancoAngeli$d2008 215 $a252 p.$d23 cm 225 1 $aStudi e ricerche di storia dell'editoria$v41 610 0 $aEditoria$aNapoli$aSec. 19. 676 $a070.509457$v20$zita 700 1$aTrombetta,$bVincenzo$0280150 801 0$aIT$bUNINA$gREICAT$2UNIMARC 901 $aBK 912 $a990009297190403321 952 $aCollez. 2027 (41)$b45841$fFSPBC 952 $a070.5 SDE 01 (41)$b2024/2026$fFLFBC 959 $aFLFBC 959 $aFSPBC 996 $aEditoria napoletana dell'Ottocento$9231187 997 $aUNINA